Kritéria úspěšnosti firmy Diagnostický test
Význam ľudských aspektov riadenia a organizácie firmy. Diagnostický test vzťahujúci sa k desiatim základným kritériám úspešnosti firmy. Hodnotenie úrovne a účinnosti personálno-organizačného systému podniku založeného na rozbore údajov vzťahujúcich sa k 10 kritériám úspešnosti: 1. Organizačný systém...
Gespeichert in:
| 1. Verfasser: | |
|---|---|
| Format: | Buchkapitel |
| Sprache: | Tschechisch |
| Schlagworte: | |
| Tags: |
Keine Tags, Fügen Sie das erste Tag hinzu!
|
MARC
| LEADER | 00000naa a2200000 4500 | ||
|---|---|---|---|
| 001 | r026247 | ||
| 005 | 20230922084521.5 | ||
| 041 | 0 | |a cze | |
| 044 | |a CZ | ||
| 245 | 1 | 0 | |a Kritéria úspěšnosti firmy |b Diagnostický test |c J. Urban |
| 520 | |a Význam ľudských aspektov riadenia a organizácie firmy. Diagnostický test vzťahujúci sa k desiatim základným kritériám úspešnosti firmy. Hodnotenie úrovne a účinnosti personálno-organizačného systému podniku založeného na rozbore údajov vzťahujúcich sa k 10 kritériám úspešnosti: 1. Organizačný systém. 2. Informačný a komunikačný systém. 3. Motivačný systém a manažérsky štýl. 4. Systém odmeňovania. 5. Výber a hodnotenie pracovníkov. 6. Vzdelávanie a rozvoj pracovníkov. 7. Personálne plánovanie. 8. Riadenie personálnych nákladov. 9. Riadenie kvality. 10. Image a atraktivita firmy. | ||
| 610 | 2 | 0 | |a zdroje ľudské |
| 610 | 2 | 0 | |a firmy |
| 610 | 2 | 0 | |a diagnostikácia |
| 610 | 2 | 0 | |a organizácia podniku |
| 610 | 2 | 0 | |a manažment personálny |
| 610 | 2 | 0 | |a potenciál ľudský |
| 100 | 1 | |a Urban, J. | |